| 000 | 00000nam##2200000za#4500 |
| 001 | 9.605143 |
| 003 | CaOODSP |
| 005 | 20210624211951 |
| 007 | cr ||||||||||| |
| 008 | 150406|2008||||xxc|||||o f|0| 0 fre|d |
| 040 | |aCaOODSP|bfre |
| 043 | |an-cn--- |
| 086 | 1 |aTU3-5/08-41F-PDF |
| 110 | 2 |aBureau de la sécurité des transports du Canada. |
| 245 | 10|aDécrochage aérodynamique et collision avec le relief du Cessna 337 C-GGDW exploité par Wildlife Observation Services Inc. à 15 nm à l'ouest de Beaverlodge (Alberta), le 17 août 2008 |h[ressource électronique] |
| 260 | |aGatineau - Québec : |bBureau de la sécurité des transports du Canada |c[2008]. |
| 300 | |a11p. |
| 490 | 1 |aRapport d'enquête aéronautique |vA08W0173 |
| 590 | |a13-02-Supp|b2013-01-11 |
| 775 | 08|tAerodynamic stall – Impact with terrain, Wildlife Observation Services Inc. Cessna 337 C-GGDW Beaverlodge, Alberta, 15 nm W, 17 August 2008 |w(CaOODSP)9.575649 |
| 830 | #0|aRapport d'enquête aéronautique ;|vA08W0173|w(CaOODSP)9.501229 |
| 856 | 40|ahttp://publications.gc.ca|qPDF|s163 Ko|uhttps://publications.gc.ca/collections/collection_2012/bst-tsb/TU3-5-08-41-fra.pdf|yA08W0173 |